Logistika a ekologizácia vo svetle zdokonaľovania a rozvoja podnikateľských jednotiek

Základný právny rámec tvorby a ochrany životného prostredia vymedzený zákonom č. 17/1992 Zb. Ochrana životného prostredia a efektívne využívanie prírodných zdrojov. Strategické logistické ciele. Environmentálne orientovaná logsitika. Environmentálne faktory. Prínosy zavádzania environmentálne orient...

Celý popis

Uložené v:
Podrobná bibliografia
Hlavný autor: Dupaľ, Andrej
Médium: Kapitola
Jazyk:Slovak
Predmet:
Tagy: Pridať tag
Žiadne tagy, Buďte prvý, kto otaguje tento záznam!

MARC

LEADER 00000nla$a2200000$$$4500
001 0142309
005 20240502072541.6
041 0 |a slo 
044 |a SK 
245 1 0 |a Logistika a ekologizácia vo svetle zdokonaľovania a rozvoja podnikateľských jednotiek  |c Andrej Dupaľ 
520 |a Základný právny rámec tvorby a ochrany životného prostredia vymedzený zákonom č. 17/1992 Zb. Ochrana životného prostredia a efektívne využívanie prírodných zdrojov. Strategické logistické ciele. Environmentálne orientovaná logsitika. Environmentálne faktory. Prínosy zavádzania environmentálne orientovanej logistiky v podnikateľskej jednotke. 
610 2 0 |a logistika 
610 2 0 |a environmentalistika 
610 2 0 |a ekológia 
610 2 0 |a ochrana prostredia životného 
610 2 0 |a zdroje energie prírodné 
610 2 0 |a podnikanie 
610 2 0 |a firmy 
100 1 |a Dupaľ, Andrej